Thermorheological properties of thermoplastic elastomeric blends of NBR/SAN containing waste nitrile rubber vulcanizate powder (Record no. 71298)

MARC details
000 -LEADER
fixed length control field 00686nam a2200229Ia 4500
100 ## - MAIN ENTRY--AUTHOR NAME
Personal name Anandhan A
245 #0 - TITLE STATEMENT
Title Thermorheological properties of thermoplastic elastomeric blends of NBR/SAN containing waste nitrile rubber vulcanizate powder
260 ## - PUBLICATION, DISTRIBUTION, ETC. (IMPRINT)
Name of publisher Kautschuk Gummi Kunststoffe
Year of publication 2004
300 ## - PHYSICAL DESCRIPTION
Number of Pages 599-606
650 ## - SUBJECT ADDED ENTRY--TOPICAL TERM
Topical Term Blends
650 ## - SUBJECT ADDED ENTRY--TOPICAL TERM
Topical Term Extrusion
650 ## - SUBJECT ADDED ENTRY--TOPICAL TERM
Topical Term Nitrile rubber
650 ## - SUBJECT ADDED ENTRY--TOPICAL TERM
Topical Term Poly(styrene-co-acrylonitrile)
650 ## - SUBJECT ADDED ENTRY--TOPICAL TERM
Topical Term Thermoplastic elastomer
650 ## - SUBJECT ADDED ENTRY--TOPICAL TERM
Topical Term Thermorheological properties
700 ## - ADDED ENTRY--PERSONAL NAME
Personal name Bhowmick A K
700 ## - ADDED ENTRY--PERSONAL NAME
Personal name De P P
700 ## - ADDED ENTRY--PERSONAL NAME
Personal name De S K
700 ## - ADDED ENTRY--PERSONAL NAME
Personal name Swayajith S
942 ## - ADDED ENTRY ELEMENTS (KOHA)
Koha item type Journals
Holdings
Withdrawn status Lost status Damaged status Not for loan Home library Current library Shelving location Date acquired Serial Enumeration / chronology Koha item type
      Journals RRII Library RRII Library Rubber chemistry 17/12/2021 Volume 57, Issue 11 Journals